Understanding fiber optics / (Record no. 190623)
[ view plain ]
| 000 -LEADER | |
|---|---|
| fixed length control field | 01147 a2200217 4500 |
| 003 - CONTROL NUMBER IDENTIFIER | |
| control field | Nust |
| 005 - DATE AND TIME OF LATEST TRANSACTION | |
| control field | 20220803173027.0 |
| 010 ## - LIBRARY OF CONGRESS CONTROL NUMBER | |
| LC control number | 2005003194 |
| 020 ## - INTERNATIONAL STANDARD BOOK NUMBER | |
| International Standard Book Number | 0131174290 |
| 040 ## - CATALOGING SOURCE | |
| Transcribing agency | Nust |
| 082 00 - DEWEY DECIMAL CLASSIFICATION NUMBER | |
| Classification number | 621.3692,HEC |
| 100 1# - MAIN ENTRY--PERSONAL NAME | |
| Personal name | Hecht, Jeff. |
| 9 (RLIN) | 63475 |
| 245 10 - TITLE STATEMENT | |
| Title | Understanding fiber optics / |
| Statement of responsibility, etc. | Jeff Hecht. |
| 250 ## - EDITION STATEMENT | |
| Edition statement | 5th ed. |
| 260 ## - PUBLICATION, DISTRIBUTION, ETC. | |
| Place of publication, distribution, etc. | Upper Saddle River, N.J. : |
| Name of publisher, distributor, etc. | Pearson/Prentice Hall, |
| Date of publication, distribution, etc. | c2006. |
| 300 ## - PHYSICAL DESCRIPTION | |
| Extent | ix, 790 p. : |
| Other physical details | ill. ; |
| Dimensions | 24 cm. |
| 505 ## - FORMATTED CONTENTS NOTE | |
| Formatted contents note | An Introduction To Fiber Optics (Page-1), Fundamentals Of Fiber Optic Components (Page-17), Fundamentals Of Communications (Page-39), Types Of Optical Fibers (Page-65), Properties Of Optical Fibers (Page-93), Fiber Materials, Structures And Manufacture (Page-127), Specialty Fibers (Page-151), Cabling (Page-173), Light Sources (Page-197), Transmitters (Page-227), Receivers (Page-249), Fiber Optic Measurements (Page-417), Troubleshooting And Test Equipments (Page-447), System And Optical Networking Concepts (Page-471). |
| 650 #0 - SUBJECT ADDED ENTRY--TOPICAL TERM | |
| Topical term or geographic name entry element | Telecommunication Engineering. |
| 856 41 - ELECTRONIC LOCATION AND ACCESS | |
| Materials specified | Table of contents |
| Uniform Resource Identifier | <a href="http://www.loc.gov/catdir/toc/ecip057/2005003194.html">http://www.loc.gov/catdir/toc/ecip057/2005003194.html</a> |
| 942 ## - ADDED ENTRY ELEMENTS (KOHA) | |
| Koha item type | Reference |
| Source of classification or shelving scheme | |
| Withdrawn status | Lost status | Source of classification or shelving scheme | Damaged status | Not for loan | Permanent Location | Current Location | Shelving location | Date acquired | Full call number | Barcode | Date last seen | Price effective from | Koha item type | Public note |
|---|---|---|---|---|---|---|---|---|---|---|---|---|---|---|
| Military College of Signals (MCS) | Military College of Signals (MCS) | Reference | 12/12/2016 | 621.3692,HEC | MCS32419 | 12/08/2016 | 12/12/2016 | Reference | Almirah No.20, Shelf No.6 |
